000 00352nam a2200145Ia 4500
008 230312s9999||||xx |||||||||||||| ||und||
020 _a1-864701-91-8
082 _a725.560
_bVIC-D
100 _aVictoria
245 0 _aDesign for aging review 13
260 _bpty
_achina
_c2016
300 _a251
650 _aArchitecture
_vArchitecture
942 _cBK
999 _c12727
_d12727